Every MLB Ballpark - Statistics

General Stats
  • This quiz has been taken 28 times
  • The average score is 16 of 30
Answer Stats
Team Ballpark % Correct
Boston Red Sox Fenway Park
96%
Los Angeles Dodgers Dodger Stadium
88%
Chicago Cubs Wrigley Field
88%
New York Yankees Yankee Stadium
83%
Colorado Rockies Coors Field
71%
New York Mets Citi Field
67%
St. Louis Cardinals Busch Stadium
63%
Cincinnati Reds Great American Ball Park
63%
Minnesota Twins Target Field
63%
Tampa Bay Rays Tropicana Field
63%
Arizona Diamondbacks Chase Field
58%
Detroit Tigers Comerica Park
54%
Kansas City Royals Kauffman Stadium
54%
Cleveland Guardians Progressive Field
54%
Atlanta Braves Truist Park
54%
Houston Astros Minute Maid Park
50%
San Francisco Giants Oracle Park
50%
Pittsburgh Pirates PNC Park
50%
Seattle Mariners T-Mobile Park
50%
Milwaukee Brewers American Family Field
46%
Los Angeles Angeles Angel Stadium
46%
Washington Nationals Nationals Park
46%
Toronto Blue Jays Rogers Centre
46%
Philadelphia Phillies Citizens Bank Park
42%
Chicago White Sox Guaranteed Rate Field
42%
San Diego Padres Petco Park
42%
Baltimore OriolesOa Oriole Park
38%
Oakland Athletics Oakland Coliseum
33%
Miami Marlins loanDepot park
25%
Texas Rangers Globe Life Field
17%
No matching quizzes found
Score Distribution
Percent of People with Each Score
Percentile by Number Answered
Your Score History
You have not taken this quiz